| Tag |
First Indicator |
Second Indicator |
Subfields |
| LEADER |
00000cam a2200000 4500 |
| 001 |
in00000029363 |
| 005 |
20151007061503.0 |
| 008 |
770622s1913 nyu b 00010 engm |
| 010 |
|
|
|a 13010334
|
| 035 |
|
|
|a (OCoLC)03061937
|
| 035 |
|
|
|9 AAD2230AM
|
| 037 |
|
|
|c $0.50
|
| 040 |
|
|
|a DLC
|c NRC
|d NRC
|d TXA
|d UtOrBLW
|
| 049 |
|
|
|a TXAM
|c [9013]
|
| 050 |
0 |
0 |
|a PE1408
|b .B69
|
| 092 |
|
|
|a 808
|b B84w
|
| 100 |
1 |
|
|a Brewster, W. T.
|q (William Tenney),
|d 1869-1961.
|
| 245 |
1 |
0 |
|a Writing English prose /
|c by William Tenney Brewster.
|
| 264 |
|
1 |
|a New York :
|b H. Holt and Co.,
|c [1913]
|
| 264 |
|
4 |
|c [©1913]
|
| 300 |
|
|
|a 256 pages ;
|c 18 cm.
|
| 336 |
|
|
|a text
|b txt
|2 rdacontent
|
| 337 |
|
|
|a unmediated
|b n
|2 rdamedia
|
| 338 |
|
|
|a volume
|b nc
|2 rdacarrier
|
| 490 |
0 |
|
|a Home university library of modern knowledge, no. 66
|
| 504 |
|
|
|a "Note on books": pages 249-250.
|
| 650 |
|
0 |
|a English language
|x Rhetoric.
|
| 999 |
|
|
|a MARS
|
| 999 |
f |
f |
|s 990c563b-b9ce-3336-98a6-2b3e9e60d1a5
|i e452fa51-6103-38e6-bb38-37dd7e7ac8af
|t 0
|
| 952 |
f |
f |
|p ric
|a Texas A&M University
|b Rellis Campus
|c Joint Library Facility
|s JLF
|d Remote Storage
|t 0
|e PE1408 .B69
|h Library of Congress classification
|i unmediated -- volume
|m A14801193235
|
| 998 |
f |
f |
|a PE1408 .B69
|t 0
|l Remote Storage
|